| 000 | 00743nam a2200241Ia 4500 | ||
|---|---|---|---|
| 003 | GCL | ||
| 008 | 140319s9999 xx 000 0 ara d | ||
| 040 |
_aGCL / _cGCL |
||
| 082 | 0 | 4 |
_a792.9 _bب س |
| 100 | 1 | _aبانو، جورج | |
| 245 | 1 | 0 |
_aالسيتوجرافيا يانيس كوكوس والرفقة النبيلة / _cبانو، جورج |
| 700 | 1 | _aسهير حمودة (مترجم) | |
| 700 | 1 | _aكوثر امين | |
| 260 |
_a[S.N] : _bوزارة الثقافة ، _c1994 |
||
| 300 | _a195 ص | ||
| 490 | _a | ||
| 650 | 0 | 4 | _aالمسرح |
| 650 | 0 | 4 | _aالمسرحيات |
| 650 | 0 | 4 | _aالمسرح التجريبى |
| 650 | 0 | 4 | _aالمسرحيات التجريبية |
| 650 | 0 | 4 | _aتاريخ ونقد |
| 942 |
_2ddc _cBK |
||
| 999 |
_c35885 _d35885 |
||